| 000 | 00871nam a22002297a 4500 | ||
|---|---|---|---|
| 005 | 20100820154735.0 | ||
| 008 | 100412t xxu||||| |||| 00| 0 ur d | ||
| 010 | _aUR-7811 | ||
| 020 | _c100.00 | ||
| 035 | _aU-6366 | ||
| 040 |
_adpl _bur |
||
| 082 | _a841 | ||
| 100 |
_915656 _aنعیم صبا |
||
| 245 |
_aموج صبا / _cنعیم صبا |
||
| 246 |
_aMauj-E-Saba / _bby Nayeem Saba |
||
| 260 |
_aگیا _bبزم مگدھ _c2008 |
||
| 270 |
_aBajm-e-Magadh _bGaya |
||
| 300 |
_a112,ص _b22 س م (Pbk) |
||
| 942 |
_2ddc _cUR _h841 _mن ع ی |
||
| 999 |
_c42769 _d42769 |
||